|
|
|
|
| LEADER |
01384nam a2200337 4500 |
| 001 |
DLU100110807 |
| 005 |
##20100818 |
| 040 |
# |
# |
|a DLU
|b vie
|
| 041 |
# |
# |
|a vie
|
| 044 |
# |
# |
|a vn
|
| 082 |
# |
# |
|a 530.07
|b PH-T
|
| 100 |
# |
# |
|a Phạm Hữu Tòng.
|
| 245 |
# |
# |
|a Lí luận dạy học vật lí 1 /
|c Phạm Hữu Tòng.
|
| 246 |
# |
# |
|a Lý luận dạy học vật lí 1
|
| 260 |
# |
# |
|a H. :
|b Đại học Sư phạm,
|c 2008.
|
| 300 |
# |
# |
|a 169 tr. ;
|c 24 cm.
|
| 504 |
# |
# |
|a Tài liệu tham khảo: tr. 169.
|
| 505 |
# |
# |
|a Chương 1. Đối tượng và phương pháp nghiên cứu lí luận dạy học vật lí – Chương 2. Nhiệm vụ dạy học và phương pháp dạy học – Chương 3. Các yếu tố cấu trúc của quá trình dạy học – Chương 4. Quá trình nhận thức và sự xây dựng kiến thức vật lí – Chương 5. Đảm bảo cho học sinh nắm vững hệ thống kiến thức vật lí phổ thông cơ bản – Chương 6. Đảm bảo cho học sinh nắm vững các kĩ năng cơ bản về vật lí – Chương 7
|
| 653 |
# |
# |
|a Phương pháp sư phạm
|
| 653 |
# |
# |
|a Vật lý
|
| 923 |
# |
# |
|a 06/2010
|
| 991 |
# |
# |
|a GT
|
| 992 |
# |
# |
|a 24000
|
| 994 |
# |
# |
|a DLU
|
| 900 |
# |
# |
|a True
|
| 911 |
# |
# |
|a Đào Thị Thu Huyền
|
| 925 |
# |
# |
|a G
|
| 926 |
# |
# |
|a A
|
| 927 |
# |
# |
|a SH
|
| 980 |
# |
# |
|a Thư viện Trường Đại học Đà Lạt
|